| 000 | 00819nam a22002537a 4500 | ||
|---|---|---|---|
| 003 | CBULib | ||
| 005 | 20230721083808.0 | ||
| 008 | 230721b |||||||| |||| 00| 0 eng d | ||
| 020 | _a9780199640089 | ||
| 040 |
_aLC _bEnglish _cCBULib _dCBUlib _erda |
||
| 041 | _aeng | ||
| 050 | _aQA 300 App | ||
| 100 | 1 |
_9176 _aApplebaum, David, _d1956- |
|
| 245 |
_aLimits, limits everywhere : the tools of mathematical analysis _c/ by David Applebaum |
||
| 260 |
_aOxford : _bOxford University Press _c[2012] |
||
| 300 | _axv, 200 pages : illustrations | ||
| 336 |
_2rdacontent _aText | _btxt |
||
| 337 |
_2rdamedia _aunmediated | _bu |
||
| 338 |
_2rdacarrier _avolume |
||
| 504 | _aIncludes index | ||
| 650 | 0 |
_948 _aMATHEMATICAL ANALYSIS |
|
| 650 | 0 |
_9179 _aMATHEMATICAL ANALYSIS--PROBLEMS, EXCERCISES, ETC |
|
| 942 |
_2lcc _c002 |
||
| 999 |
_c81203 _d81203 |
||